LEADER 00868nam0-22003131i-450- 001 990005546530403321 005 20060619140551.0 035 $a000554653 035 $aFED01000554653 035 $a(Aleph)000554653FED01 035 $a000554653 100 $a19990604d1967----km-y0itay50------ba 101 0 $afre 105 $ay---a---00--- 200 1 $a<>Bibliographie$fpar Louise-Nodlle Malclès 205 $a3. Td. corr. 210 $aParis$cPresses Universitaires de France$d1967 215 $a134 p.$d18 cm 225 1 $aQue sais-je?$v708 610 0 $aStoria$aSaggi 676 $a909$v21$zita 700 1$aMalclès,$bLouise-Noëlle$0426778 801 0$aIT$bUNINA$gRICA$2UNIMARC 901 $aBK 912 $a990005546530403321 952 $a909 QUE 13$bST.MED.MOD. 4763$fFLFBC 959 $aFLFBC 996 $aBibliographie$9298733 997 $aUNINA LEADER 01255nam0-2200373---450- 001 990008147950403321 005 20070608161824.0 035 $a000814795 035 $aFED01000814795 035 $a(Aleph)000814795FED01 035 $a000814795 100 $a20050711d1969----km-y0itay50------ba 101 2 $afre$agrc 102 $aFR 105 $ay--------00yy 200 1 $aDeux homélies anoméennes pour l' Octave de Paques$fintrododuction, texte, traduction et notes par Jacques Liébaert 210 $aParis$cLes édition du Cerf$d1969 215 $a148 p.$d20 cm 225 1 $aSources chrétiennes$v146 300 $aTesto greco a fronte 304 $aOpera attribuita a san Giovanni Crisostomo e Asterio il Sofista 676 $a251$v21$zita 702 1$aLiébaert,$bJacques 702 0$aAsterius Sophista 702 0$aJohannes :$cChrysostomus$f 801 0$aIT$bUNINA$gRICA$2UNIMARC 901 $aBK 912 $a990008147950403321 952 $aDDR-Fonti II- ps.Ioann.Chrysost. Ed.2 Sermo in fer.II 1$b1861 ddr$fDDR$m21-7185 952 $aP2B-590-S.C.-ASTER.S.-412A-1969$bBibl.44603$fFLFBC 959 $aDDR 959 $aFLFBC 996 $aDeux homélies anoméennes pour l' Octave de Paques$9736690 997 $aUNINA LEADER 00975nam0-22003251i-450- 001 990004066120403321 005 20160523151152.0 035 $a000406612 035 $aFED01000406612 035 $a(Aleph)000406612FED01 035 $a000406612 100 $a19990604d1985----km-y0itay50------ba 101 0 $aeng 102 $aGB 105 $ay-------001yy 200 1 $aChristianity in the West 1400-1700$fJohn Bossy 210 $aOxford$cOxford University Press$d1985$aNew York 215 $a189 p.$d20 cm 225 1 $aOpus$eOxford paperbacks university series 676 $a274.05$v21$zita 700 1$aBossy,$bJohn$f<1933- >$0152033 801 0$aIT$bUNINA$gRICA$2UNIMARC 901 $aBK 912 $a990004066120403321 952 $a274.05 BOS 1 (BIS)$bD.D.S 163$fFLFBC 952 $a274.05 BOS 1 (TER)$bD.D.S. 371$fFLFBC 952 $a274.05 BOS 1$bD.D.S.290$fFLFBC 959 $aFLFBC 996 $aChristianity in the West 1400-1700$9470067 997 $aUNINA